<?xml version="1.0" encoding="UTF-8"?><?xml-stylesheet type="text/xsl" href="static/style.xsl"?><OAI-PMH xmlns="http://www.openarchives.org/OAI/2.0/" xmlns:xsi="http://www.w3.org/2001/XMLSchema-instance" xsi:schemaLocation="http://www.openarchives.org/OAI/2.0/ http://www.openarchives.org/OAI/2.0/OAI-PMH.xsd"><responseDate>2026-04-13T13:38:02Z</responseDate><request verb="GetRecord" identifier="oai:www.recercat.cat:2445/131443" metadataPrefix="marc">https://recercat.cat/oai/request</request><GetRecord><record><header><identifier>oai:recercat.cat:2445/131443</identifier><datestamp>2025-12-05T16:50:17Z</datestamp><setSpec>com_2072_1057</setSpec><setSpec>col_2072_478823</setSpec><setSpec>col_2072_478917</setSpec></header><metadata><record xmlns="http://www.loc.gov/MARC21/slim" xmlns:dcterms="http://purl.org/dc/terms/" xmlns:xsi="http://www.w3.org/2001/XMLSchema-instance" xmlns:doc="http://www.lyncode.com/xoai" xsi:schemaLocation="http://www.loc.gov/MARC21/slim http://www.loc.gov/standards/marcxml/schema/MARC21slim.xsd">
   <leader>00925njm 22002777a 4500</leader>
   <datafield ind2=" " ind1=" " tag="042">
      <subfield code="a">dc</subfield>
   </datafield>
   <datafield ind2=" " ind1=" " tag="720">
      <subfield code="a">Garra Ticó, Jordi</subfield>
      <subfield code="e">author</subfield>
   </datafield>
   <datafield ind2=" " ind1=" " tag="720">
      <subfield code="a">Graugés Pous, Eugeni</subfield>
      <subfield code="e">author</subfield>
   </datafield>
   <datafield ind2=" " ind1=" " tag="720">
      <subfield code="a">BABAR Collaboration</subfield>
      <subfield code="e">author</subfield>
   </datafield>
   <datafield ind2=" " ind1=" " tag="260">
      <subfield code="c">2019-04-04T13:50:05Z</subfield>
   </datafield>
   <datafield ind2=" " ind1=" " tag="260">
      <subfield code="c">2019-04-04T13:50:05Z</subfield>
   </datafield>
   <datafield ind2=" " ind1=" " tag="260">
      <subfield code="c">2007-09-28</subfield>
   </datafield>
   <datafield ind2=" " ind1=" " tag="260">
      <subfield code="c">2019-04-04T13:50:05Z</subfield>
   </datafield>
   <datafield ind2=" " ind1=" " tag="520">
      <subfield code="a">We present results from an analysis of B 0 → ρ + ρ − decays using ( 383.6 ± 4.2 ) × 10 6 B ¯¯¯ B pairs collected by the BABAR detector at the PEP-II asymmetric-energy B factory at SLAC. The measurements of the B 0 → ρ + ρ − branching fraction, longitudinal polarization fraction f L , and the C P -violating parameters S long and C long are as follows: B ( B 0 → ρ + ρ − ) = ( 25.5 ± 2.1 ( stat ) + 3.6 − 3.9 ( syst ) ) × 10 − 6 , f L = 0.992 ± 0.024 ( stat ) + 0.026 − 0.013 ( syst ) , S long = − 0.17 ± 0.20 ( stat ) + 0.05 − 0.06 ( syst ) , C long = 0.01 ± 0.15 ( stat ) ± 0.06 ( syst ) . We determine the unitarity triangle angle α , using an isospin analysis of B → ρ ρ decays. One of the two solutions, α = [ 73.1 , 117.0 ] ° at 68% confidence level, is compatible with standard model-based fits of existing data. Constraints on the unitarity triangle are also evaluated using an S U ( 3 ) symmetry-based approach.</subfield>
   </datafield>
   <datafield tag="653" ind2=" " ind1=" ">
      <subfield code="a">Física de partícules</subfield>
   </datafield>
   <datafield tag="653" ind2=" " ind1=" ">
      <subfield code="a">Experiments</subfield>
   </datafield>
   <datafield tag="653" ind2=" " ind1=" ">
      <subfield code="a">Particle physics</subfield>
   </datafield>
   <datafield tag="653" ind2=" " ind1=" ">
      <subfield code="a">Experiments</subfield>
   </datafield>
   <datafield ind2="0" ind1="0" tag="245">
      <subfield code="a">Study of B0 → ρ+ρ− decays and constraints on the CKM angle α</subfield>
   </datafield>
</record></metadata></record></GetRecord></OAI-PMH>